Los invertebrados (Record no. 37353)

MARC details
000 -LEADER
campo de control de longitud fija 01164nam a2200289 i 4500
001 - NÚMERO DE CONTROL
campo de control 37353
003 - IDENTIFICADOR DE NÚMERO DE CONTROL
campo de control ES-MaACL
005 - FECHA Y HORA DE LA ÚLTIMA TRANSACCIÓN
campo de control 20230906155545.0
007 - CAMPO FIJO DE DESCRIPCIÓN FÍSICA--INFORMACIÓN GENERAL
campo de control de longitud fija t|
008 - DATOS DE LONGITUD FIJA--INFORMACIÓN GENERAL
campo de control de longitud fija 030220s1961 sp ||||1| spa d
100 1# - ENTRADA PRINCIPAL--NOMBRE DE PERSONA
Nombre de persona Buchsbaum, Ralph.
9 (RLIN) 32311
245 14 - MENCIÓN DEL TÍTULO
Título Los invertebrados
Resto del título : (con excepción de los insectos) /
Mención de responsabilidad, etc. por Ralph Buchsbaum y Lorus J. Milne en colaboración con Mildred Buchsbaum y Margery Milne ; fotografías de Ralph Buchsbaum, Douglas P Wilson ; dibujos de Kenneth Gosner ; traducción de Francisco López Ganivet y Gabriel Farreras Elósegui.
260 ## - PUBLICACIÓN, DISTRIBUCIÓN, ETC.
Lugar de publicación, distribución, etc. Barcelona :
Nombre del editor, distribuidor, etc. Seix Barral,
Fecha de publicación, distribución, etc. 1961.
300 ## - DESCRIPCIÓN FÍSICA
Extensión 318 p. :
Otras características físicas il., 40 lám. ;
Dimensiones 29 cm.
490 1# - MENCIÓN DE SERIE
Mención de serie El mundo de la naturaleza
650 04 - PUNTO DE ACCESO ADICIONAL DE MATERIA--TÉRMINO DE MATERIA
Término de materia o nombre geográfico como elemento de entrada Invertebrados.
9 (RLIN) 13891
700 1# - ENTRADA AGREGADA--NOMBRE PERSONAL
Nombre de persona Milne, Lorus J.
9 (RLIN) 81288
700 1# - ENTRADA AGREGADA--NOMBRE PERSONAL
Nombre de persona Buchsbaum, Mildred.
9 (RLIN) 32310
700 1# - ENTRADA AGREGADA--NOMBRE PERSONAL
Nombre de persona Milne, Margery.
9 (RLIN) 81289
700 1# - ENTRADA AGREGADA--NOMBRE PERSONAL
Nombre de persona Wilson, Douglas P.
9 (RLIN) 117021
700 1# - ENTRADA AGREGADA--NOMBRE PERSONAL
Nombre de persona Gosner, Kenneth.
9 (RLIN) 59251
700 1# - ENTRADA AGREGADA--NOMBRE PERSONAL
Nombre de persona López Ganivet, Francisco.
9 (RLIN) 73655
700 1# - ENTRADA AGREGADA--NOMBRE PERSONAL
Nombre de persona Farreras Elósegui, Gabriel.
9 (RLIN) 48898
830 0# - PUNTO DE ACCESO ADICIONAL DE SERIE-TÍTULO UNIFORME
Título uniforme El mundo de la naturaleza
9 (RLIN) 181711
852 ## - LOCALIZACIÓN
Ubicación ES-MaACL
Número de control de estantería G-5218
Sublocalización o colección R.47829
Holdings
Estatus retirado Estado de pérdida Estado de daño No para préstamo Biblioteca de origen Biblioteca actual Ubicación en estantería Fecha de adquisición Fuente de adquisición Total de préstamos Signatura topográfica completa Código de barras Visto por última vez Precio de reemplazo Tipo de ítem Koha
        Biblioteca del Ateneo de Madrid Biblioteca del Ateneo de Madrid Depósito 2 17/01/2008     G-5218 1039311 23/02/2023 23/02/2023 Libro impreso